<?xml version="1.0" encoding="UTF-8"?>
<record
    xmlns:xsi="http://www.w3.org/2001/XMLSchema-instance"
    xsi:schemaLocation="http://www.loc.gov/MARC21/slim http://www.loc.gov/standards/marcxml/schema/MARC21slim.xsd"
    xmlns="http://www.loc.gov/MARC21/slim">

  <leader>01464    a2200217   4500</leader>
  <controlfield tag="003">OSt</controlfield>
  <controlfield tag="005">20250331161757.0</controlfield>
  <controlfield tag="008">250110b        |||||||| |||| 00| 0 eng d</controlfield>
  <datafield tag="020" ind1=" " ind2=" ">
    <subfield code="a">9780323930703</subfield>
  </datafield>
  <datafield tag="041" ind1=" " ind2=" ">
    <subfield code="a">Eng</subfield>
  </datafield>
  <datafield tag="082" ind1=" " ind2=" ">
    <subfield code="2">5</subfield>
    <subfield code="a">610.73W65/LAN</subfield>
  </datafield>
  <datafield tag="100" ind1=" " ind2=" ">
    <subfield code="a">Langhome Martha  E</subfield>
    <subfield code="9">209308</subfield>
  </datafield>
  <datafield tag="245" ind1=" " ind2=" ">
    <subfield code="a">Oncology Nursing</subfield>
  </datafield>
  <datafield tag="250" ind1=" " ind2=" ">
    <subfield code="a">5</subfield>
  </datafield>
  <datafield tag="260" ind1=" " ind2=" ">
    <subfield code="b">Mosby</subfield>
    <subfield code="c">2007</subfield>
    <subfield code="a">St.KLouis,MISSOURI </subfield>
  </datafield>
  <datafield tag="300" ind1=" " ind2=" ">
    <subfield code="a">792 P.</subfield>
  </datafield>
  <datafield tag="500" ind1=" " ind2=" ">
    <subfield code="a">Comprehensive yet concise overview of oncology nursing
Consistent format in disease chapters for quick access and understanding of key information
Review questions with answers and rationales at the end of each chapter
New chapter on Functional Status and its effect on patient outcomes
New chapter on Ethical Considerations for the oncology nurse
New chapters on Skin Integrity, Oral Mucositis, Bone Marrow Suppression
New chapter on Palliative Care offers information regarding providing physical and emotional comfort to dying patients and their families
New chapters on Patient Education and Family Caregiving for information on assisting families that provide needed health services and support outside of the healthcare setting
New Symptom Management unit with new chapters on Dyspnea, Sleep Disturbance, Nausea, and Hot Flashes
Case studies at the end of each chapter correspond with chapter content and review questions with rationales</subfield>
  </datafield>
  <datafield tag="600" ind1=" " ind2=" ">
    <subfield code="2">Oncology Nursing</subfield>
  </datafield>
  <datafield tag="650" ind1=" " ind2=" ">
    <subfield code="a">Oncology </subfield>
    <subfield code="9">211818</subfield>
  </datafield>
  <datafield tag="942" ind1=" " ind2=" ">
    <subfield code="2">ddc</subfield>
    <subfield code="c">BK</subfield>
  </datafield>
  <datafield tag="999" ind1=" " ind2=" ">
    <subfield code="c">362493</subfield>
    <subfield code="d">362493</subfield>
  </datafield>
  <datafield tag="952" ind1=" " ind2=" ">
    <subfield code="0">0</subfield>
    <subfield code="1">0</subfield>
    <subfield code="2">ddc</subfield>
    <subfield code="4">0</subfield>
    <subfield code="7">0</subfield>
    <subfield code="a">SNCN</subfield>
    <subfield code="b">SNCN</subfield>
    <subfield code="d">2025-01-10</subfield>
    <subfield code="e">29</subfield>
    <subfield code="g">6729.84</subfield>
    <subfield code="l">9</subfield>
    <subfield code="m">2</subfield>
    <subfield code="p">SNCN-BK-3569</subfield>
    <subfield code="q">2026-04-10</subfield>
    <subfield code="r">2026-03-10 13:27:54</subfield>
    <subfield code="s">2026-03-10</subfield>
    <subfield code="v">8628.00</subfield>
    <subfield code="w">2025-01-10</subfield>
    <subfield code="y">BK</subfield>
  </datafield>
  <datafield tag="952" ind1=" " ind2=" ">
    <subfield code="0">0</subfield>
    <subfield code="1">0</subfield>
    <subfield code="2">ddc</subfield>
    <subfield code="4">0</subfield>
    <subfield code="7">0</subfield>
    <subfield code="a">SNCN</subfield>
    <subfield code="b">SNCN</subfield>
    <subfield code="d">2025-01-10</subfield>
    <subfield code="e">29</subfield>
    <subfield code="g">6729.84</subfield>
    <subfield code="l">7</subfield>
    <subfield code="p">SNCN-BK-3568</subfield>
    <subfield code="r">2026-03-10 13:15:00</subfield>
    <subfield code="s">2026-02-05</subfield>
    <subfield code="v">8628.00</subfield>
    <subfield code="w">2025-01-10</subfield>
    <subfield code="y">BK</subfield>
  </datafield>
  <datafield tag="952" ind1=" " ind2=" ">
    <subfield code="0">0</subfield>
    <subfield code="1">0</subfield>
    <subfield code="2">ddc</subfield>
    <subfield code="4">0</subfield>
    <subfield code="7">0</subfield>
    <subfield code="a">SNCN</subfield>
    <subfield code="b">SNCN</subfield>
    <subfield code="d">2025-11-03</subfield>
    <subfield code="e">216</subfield>
    <subfield code="g">4946.70</subfield>
    <subfield code="l">3</subfield>
    <subfield code="o">616.994 LAN</subfield>
    <subfield code="p">SNCN-BK-3766</subfield>
    <subfield code="r">2026-05-15 06:48:40</subfield>
    <subfield code="s">2026-01-19</subfield>
    <subfield code="v">8994.00</subfield>
    <subfield code="w">2025-11-03</subfield>
    <subfield code="y">BK</subfield>
  </datafield>
  <datafield tag="952" ind1=" " ind2=" ">
    <subfield code="0">0</subfield>
    <subfield code="1">0</subfield>
    <subfield code="2">ddc</subfield>
    <subfield code="4">0</subfield>
    <subfield code="7">0</subfield>
    <subfield code="a">SNCN</subfield>
    <subfield code="b">SNCN</subfield>
    <subfield code="d">2025-11-03</subfield>
    <subfield code="e">216</subfield>
    <subfield code="g">4946.70</subfield>
    <subfield code="l">2</subfield>
    <subfield code="o">616.994 LAN</subfield>
    <subfield code="p">SNCN-BK-3765</subfield>
    <subfield code="r">2026-04-02 15:36:25</subfield>
    <subfield code="s">2026-03-10</subfield>
    <subfield code="v">8994.00</subfield>
    <subfield code="w">2025-11-03</subfield>
    <subfield code="y">BK</subfield>
  </datafield>
</record>
